Central Library OPAC University of Rajshahi

The common school and the Negro American : (Record no. 27658)

MARC details
000 -LEADER
fixed length control field 01495nam a2200301 a 4500
001 - CONTROL NUMBER
control field 27658
003 - CONTROL NUMBER IDENTIFIER
rucl marc code BD-RjUL
005 - DATE AND TIME OF LATEST TRANSACTION
control field 20211209051202.0
008 - FIXED-LENGTH DATA ELEMENTS--GENERAL INFORMATION
fixed length control field 160824r19691911nyu b 100 0 eng d
035 ## - SYSTEM CONTROL NUMBER
System control number (BD-RjUL)27737
040 ## - CATALOGING SOURCE
Original cataloging agency BD-RjUL
Transcribing agency CUS
Modifying agency BD-RjUL
Language of cataloging eng
041 ## - LANGUAGE CODE
Language code of text/sound track or separate title eng
082 04 - DEWEY DECIMAL CLASSIFICATION NUMBER
Edition number 20
Classification number 378.7
Author mark and year COM 1969
245 14 - TITLE STATEMENT
Title The common school and the Negro American :
Remainder of title report of a social study made by Atlanta University under the patronage of the Trustees of the John F. Slater Fund, with the proceedings of the 16th annual Conference for the Study of the Negro Problems, held at Atlanta University, on Tuesday, May 30th, 1911 /
Statement of responsibility, etc. edited by W.E. Burghardt Du Bois and Augustus Granville Dill.
260 ## - PUBLICATION, DISTRIBUTION, ETC. (IMPRINT)
Place of publication, distribution, etc. New York :
Name of publisher, distributor, etc. Russell & Russell,
Date of publication, distribution, etc. 1969.
300 ## - PHYSICAL DESCRIPTION
Pagination various pages ;
Size 22 cm.
490 1# - SERIES STATEMENT
Series statement The Atlanta University publications ;
Volume/sequential designation no. 16
500 ## - GENERAL NOTE
General note Reprint of the 1911 ed. published by Atlanta University Press, Atlanta, Ga.
504 ## - BIBLIOGRAPHY, ETC. NOTE
Bibliography, etc "A select bibliography of common school education for Negro Americans": p. [9]-12.
650 #0 - SUBJECT ADDED ENTRY--TOPICAL TERM
Topical term or geographic name as entry element African Americans.
9 (RLIN) 84955
Topical term or geographic name as entry element African Americans
General subdivision Education.
9 (RLIN) 84956
700 1# - ADDED ENTRY--PERSONAL NAME
Personal name Du Bois, W. E. B.
Dates associated with a name 1868-1963.
Fuller form of name (William Edward Burghardt),
Personal name Dill, Augustus Granville,
Relator term editor.
711 2# - ADDED ENTRY--MEETING NAME
Meeting name or jurisdiction name as entry element Conference for the Study of the Negro Problems
Number of part/section/meeting (16th :
Date of meeting 1911 :
Location of meeting Atlanta University)
9 (RLIN) 84960
830 #0 - SERIES ADDED ENTRY--UNIFORM TITLE
Volume number/sequential designation no. 16.
Uniform title Publications (Atlanta University) ;
942 ## - ADDED ENTRY ELEMENTS (KOHA)
Source of classification or shelving scheme Dewey Decimal Classification
Koha item type Books
Holdings
Lost status Source of classification or shelving scheme Damaged status Not for loan Collection code Permanent Location Current Location Shelving location Date acquired Source of acquisition Total Checkouts Full call number Date last seen Copy number Koha item type
  Dewey Decimal Classification     Non-fiction Central Library, University of Rajshahi Central Library, University of Rajshahi   22/07/1994 Asia Foundation, Gift.   378.7 COM 1969 25/03/2014 C-2 Books
  Dewey Decimal Classification     Non-fiction Central Library, University of Rajshahi Central Library, University of Rajshahi   14/06/1989     378.7 COM 1969 24/08/2016 C-3 Books